NBA Coaches of the Year 2000-2024 - Statistics

General Stats
  • This quiz has been taken 122 times
  • The average score is 17 of 25
Answer Stats
Year Team Answer % Correct
2003 San Antonio Spurs Gregg Popovich
99%
2012 San Antonio Spurs Gregg Popovich
99%
2014 San Antonio Spurs Gregg Popovich
99%
2016 Golden State Warriors Steve Kerr
93%
2009 Cleveland Cavaliers Mike Brown
89%
2023 Sacramento Kings Mike Brown
89%
2001 Philadelphia 76'ers Larry Brown
88%
2015 Phoenix Suns Mike Budenholzer
86%
2019 Milwaukee Bucks Mike Budenholzer
86%
2020 Toronto Raptors Nick Nurse
83%
2011 Chicago Bulls Tom Thibodeau
81%
2021 New York Knicks Tom Thibodeau
81%
2024 Oklahoma City Thunder Mark Daigneault
74%
2022 Phoenix Suns Monty Williams
73%
2005 Phoenix Suns Mike D'Antoni
70%
2017 Houston Rockets Mike D'Antoni
70%
2013 Denver Nuggets George Karl
60%
2018 Toronto Raptors Dwane Casey
55%
2002 Detroit Pistons Rick Carlisle
53%
2000 Orlando Magic Doc Rivers
50%
2010 Oklahoma City Thunder Scott Brooks
32%
2006 Dallas Mavericks Avery Johnson
30%
2008 New Orleans Pelicans Byron Scott
20%
2007 Toronto Raptors Sam Mitchell
10%
2004 Memphis Grizzlies Hubie Brown
6%
No matching quizzes found
Score Distribution
Percent of People with Each Score
Percentile by Number Answered
Your Score History
You have not taken this quiz